| 000 | 01943nam a2200361 a 4500 | ||
|---|---|---|---|
| 001 | ebr10444394 | ||
| 003 | CaPaEBR | ||
| 006 | m u | ||
| 007 | cr cn||||||||| | ||
| 008 | 100723s2011 njua sb 001 0 eng d | ||
| 010 | _z 2010031088 | ||
| 020 | _z9780470289402 (hardback) | ||
| 020 | _z9780470929650 | ||
| 020 | _z9781118002087 | ||
| 020 | _z9780470939642 (e-book) | ||
| 040 |
_aCaPaEBR _cCaPaEBR |
||
| 035 | _a(OCoLC)708566179 | ||
| 050 | 1 | 4 |
_aTC171 _b.J66 2011eb |
| 082 | 0 | 4 |
_a628.1/44 _222 |
| 100 | 1 | _aJones, Gerard F. | |
| 245 | 1 | 0 |
_aGravity-driven water flow in networks _h[electronic resource] / _cGerard F. Jones. |
| 260 |
_aHoboken, N.J. : _bWiley, _cc2011. |
||
| 300 |
_axxvi, 542 p. : _bill. |
||
| 504 | _aIncludes bibliographical references and index. | ||
| 520 |
_a"Gravity-driven water flow networks are a crucial method of delivering clean water to millions of people worldwide, and an essential agricultural tool. This book provides an all-encompassing guide to designing these water networks, combining theory and case studies. It includes design formulas for water flow in single or multiple, uniform or non-uniform diameter pipe networks; case studies on how systems are built, used, and maintained; comprehensive coverage of pipe materials, pressure ratings, and dimensions; and over 100 illustrations and tables. It is a key resource both for working engineers and engineering students and instructors"-- _cProvided by publisher. |
||
| 533 |
_aElectronic reproduction. _bPalo Alto, Calif. : _cebrary, _d2011. _nAvailable via World Wide Web. _nAccess may be limited to ebrary affiliated libraries. |
||
| 650 | 0 | _aHydrodynamics. | |
| 650 | 0 |
_aWater _xDistribution. |
|
| 650 | 0 | _aDrainage. | |
| 655 | 7 |
_aElectronic books. _2local |
|
| 710 | 2 | _aebrary, Inc. | |
| 856 | 4 | 0 |
_uhttp://site.ebrary.com/lib/rucke/Doc?id=10444394 _zAn electronic book accessible through the World Wide Web; click to view |
| 999 |
_c246455 _d246455 |
||